000 00718nam a2200217 i 4500
001 139738
003 ES-MaACL
005 20250830053606.0
007 t|
008 070214s1966 sp r ||||1| spa d
100 1 _aSchnackenburg, Rudolf.
_9104543
245 1 3 _aLa teología del Nuevo Testamento
_b: estado de la cuestión /
_cRudolf Schnackenburg ; versión española de Ignacio Viar.
260 _aBilbao :
_bDescleé de Brouwer,
_c1966.
300 _a159 p. ;
_c19 cm.
490 1 _aTemas Bíblicos ;
_v6
650 0 7 _aTeología bíblica
_2embne
_917465
700 1 _aViar, Ignacio.
_9114293
830 0 _aTemas Bíblicos ;
_v6
_9183517
852 _aES-MaACL
_jC-29476
_bR.59832
999 _c139738
_d139738